[Event "Aragon-chT Honor Descenso"]
[Site "Aragon"]
[Date "2023.03.18"]
[Round "8.28"]
[White "Pellicer Cerezuela, Miguel"]
[Black "Ramon Perez, Jose Luis"]
[Result "0-1"]
[WhiteElo "2043"]
[BlackElo "2166"]
[PlyCount "66"]
[EventDate "2023.03.18"]
[EventType "team-tourn"]
[EventRounds "10"]
[EventCountry "ESP"]
[SourceTitle "EXT 2024"]
[Source "ChessBase"]
[SourceDate "2023.10.10"]
[SourceVersion "1"]
[SourceVersionDate "2023.10.10"]
[SourceQuality "1"]
[WhiteTeam "La Aurora Estadilla"]
[BlackTeam "Fraga"]
[WhiteTeamCountry "ESP"]
[BlackTeamCountry "ESP"]

1. d4 f5 2. c4 Nf6 3. Nc3 e6 4. Bg5 Bb4 5. e3 h6 6. Bh4 Bxc3+ 7. bxc3 0-0 8. Bd3 d6 9. Ne2 e5 10. Bxf6 Qxf6 11. 0-0 c5 12. e4 f4 13. f3 Nc6 14. d5 Ne7 15. Nc1 g5 16. Nb3 Rf7 17. Be2 Rg7 18. h3 h5 19. Kf2 g4 20. fxg4 Qh4+ 21. Kg1 hxg4 22. Bxg4 Bxg4 23. hxg4 Kf7 24. Qf3 Rxg4 25. Rf2 Rag8 26. Kf1 Rg3 27. Qd1 Re3 28. Kg1 Rh3 29. Kf1 Rh1+ 30. Ke2 Rxd1 31. Rxd1 Rg3 32. Rc1 Qg4+ 33. Kd2 Rxg2 0-1

[Event "Aragon-chT Honor Gr II"]
[Site "Aragon"]
[Date "2022.02.05"]
[Round "2.30"]
[White "Ramon Perez, Jose Luis"]
[Black "Llanes Luno, Pedro Alfredo"]
[Result "1-0"]
[WhiteElo "2161"]
[BlackElo "2041"]
[PlyCount "99"]
[EventDate "2022.01.29"]
[EventType "team-tourn"]
[EventRounds "7"]
[EventCountry "ESP"]
[SourceTitle "EXT 2024"]
[Source "ChessBase"]
[SourceDate "2023.10.10"]
[SourceVersion "1"]
[SourceVersionDate "2023.10.10"]
[SourceQuality "1"]
[WhiteTeam "Agrupacion"]
[BlackTeam "Delicias"]
[WhiteTeamCountry "ESP"]
[BlackTeamCountry "ESP"]

1. e4 c5 2. Nc3 Nc6 3. Bb5 g6 4. Bxc6 bxc6 5. d3 Bg7 6. f4 d6 7. Nf3 Nh6 8. 0-0 f5 9. Qe1 0-0 10. Kh1 Qc7 11. e5 Nf7 12. Qg3 Nd8 13. Be3 Ne6 14. Rae1 d5 15. Bc1 Ba6 16. h4 Rad8 17. Ng5 Nxg5 18. Qxg5 c4 19. d4 c5 20. Rd1 cxd4 21. Rxd4 e6 22. Rfd1 Rfe8 23. Be3 Rb8 24. h5 Qe7 25. Qg3 gxh5 26. b3 Kh8 27. Qh3 Rbc8 28. Bf2 cxb3 29. cxb3 Rc6 30. Be1 Rg8 31. Qf3 Bf8 32. b4 Bc4 33. a3 Rg4 34. R1d2 Qg7 35. Nd1 Ra6 36. Bf2 h4 37. Rxc4 dxc4 38. Rd8 Qe7 39. Qa8 Rg8 40. Bc5 Qg7 41. Rxf8 Rxa3 42. Be7 Rxf8 43. Bxf8 Qg8 44. Qd8 Rg3 45. Qf6+ Rg7 46. Kh2 Qf7 47. Bxg7+ Qxg7 48. Qd8+ Qg8 49. Qxg8+ Kxg8 50. Kh3 1-0

[Event "Sanxenxo Carlos op 11th"]
[Site "Sanxenxo"]
[Date "2019.06.29"]
[Round "8"]
[White "Ramon Perez, Jose Luis"]
[Black "Leiros Vila, Avelino"]
[Result "1-0"]
[WhiteElo "2219"]
[BlackElo "2136"]
[PlyCount "83"]
[EventDate "2019.06.22"]
[EventType "swiss"]
[EventRounds "9"]
[EventCountry "ESP"]
[SourceTitle "CBM 191 Extra"]
[Source "ChessBase"]
[SourceDate "2019.09.30"]
[SourceVersion "1"]
[SourceVersionDate "2019.09.30"]
[SourceQuality "1"]

1. e4 c5 2. Nc3 Nc6 3. Bb5 Nd4 4. Nf3 Nxb5 5. Nxb5 a6 6. Nc3 d6 7. d4 b6 8. 0-0 e6 9. Re1 Bb7 10. d5 e5 11. Ng5 h6 12. Nh3 Bc8 13. f4 Bxh3 14. gxh3 Nf6 15. Kh1 b5 16. Qf3 Nd7 17. a4 b4 18. Ne2 g6 19. Ng3 Bg7 20. f5 h5 21. Rf1 Qe7 22. h4 Bf6 23. Bg5 Bxg5 24. hxg5 Qxg5 25. fxg6 fxg6 26. Qf7+ Kd8 27. Qg7 Kc7 28. Rf7 Qg4 29. Raf1 Rag8 30. Qf6 h4 31. Qe6 Qxe6 32. dxe6 hxg3 33. Rxd7+ Kc8 34. Rff7 gxh2 35. Rxd6 Rf8 36. Rc6+ Kb8 37. Rb6+ Ka8 38. Rxa6+ Kb8 39. Rb6+ Ka8 40. Rd6 Rxf7 41. exf7 Rf8 42. Rf6 1-0

[Event "Sanxenxo Carlos op 11th"]
[Site "Sanxenxo"]
[Date "2019.06.27"]
[Round "6"]
[White "Ramon Perez, Jose Luis"]
[Black "Nedobora, Gregori"]
[Result "1/2-1/2"]
[WhiteElo "2219"]
[BlackElo "2018"]
[PlyCount "91"]
[EventDate "2019.06.22"]
[EventType "swiss"]
[EventRounds "9"]
[EventCountry "ESP"]
[SourceTitle "CBM 191 Extra"]
[Source "ChessBase"]
[SourceDate "2019.09.30"]
[SourceVersion "1"]
[SourceVersionDate "2019.09.30"]
[SourceQuality "1"]

1. e4 c5 2. Nc3 d6 3. f4 g6 4. Nf3 Bg7 5. d4 cxd4 6. Nxd4 Nc6 7. Be3 Nf6 8. Be2 0-0 9. Nb3 a6 10. 0-0 Be6 11. f5 Bxb3 12. axb3 b5 13. Qd2 Qc7 14. Nd5 Nxd5 15. exd5 Ne5 16. c3 Qb7 17. b4 Rfc8 18. Rf4 Bf6 19. Raf1 a5 20. bxa5 Rxa5 21. c4 Ra2 22. fxg6 hxg6 23. cxb5 Rxb2 24. Qxb2 Nf3+ 25. R4xf3 Bxb2 26. Rxf7 Qxd5 27. Rxe7 Bd4 28. Kh1 Bxe3 29. Rxe3 Qd2 30. Re6 Kg7 31. h3 Rc1 32. Rxc1 Qxc1+ 33. Kh2 Kf7 34. Re4 d5 35. Rg4 Qc7+ 36. Kg1 d4 37. Kf2 Qc3 38. Rg3 Qc5 39. Bd3 g5 40. Ke2 Qe5+ 41. Kf2 Qc5 42. Rf3+ Ke6 43. Ke2 Qb4 44. Kf2 Kd6 45. Rf6+ Ke5 46. Rf3 1/2-1/2

[Event "Aragon-chT Honor GrA"]
[Site "Aragon"]
[Date "2017.02.25"]
[Round "5.14"]
[White "Hefty Hilardo, Jorge Walter"]
[Black "Ramon Perez, Jose Luis"]
[Result "1-0"]
[WhiteElo "2369"]
[BlackElo "2256"]
[PlyCount "135"]
[EventDate "2017.01.28"]
[EventType "team-tourn"]
[EventRounds "7"]
[EventCountry "ESP"]
[SourceTitle "EXT 2018"]
[Source "ChessBase"]
[SourceDate "2017.10.13"]
[SourceVersion "1"]
[SourceVersionDate "2017.10.13"]
[SourceQuality "1"]
[WhiteTeam "IberCaja"]
[BlackTeam "Agrupacion"]
[WhiteTeamCountry "ESP"]
[BlackTeamCountry "ESP"]

1. d4 Nf6 2. c4 g6 3. Nc3 Bg7 4. e4 d6 5. Be2 0-0 6. Nf3 e5 7. dxe5 dxe5 8. Qxd8 Rxd8 9. Bg5 Na6 10. Nd5 Rd6 11. Bxf6 Bxf6 12. Nxf6+ Rxf6 13. Nxe5 Nc5 14. f3 Rb6 15. Rb1 f5 16. Nd3 Nxd3+ 17. Bxd3 fxe4 18. Bxe4 Be6 19. b3 Bf5 20. Bxf5 gxf5 21. Kf2 Rd8 22. Rbd1 Rbd6 23. Rxd6 Rxd6 24. Re1 Kf7 25. Re2 Rd3 26. Kg3 Kf6 27. Re8 a5 28. Rc8 Rd7 29. Rf8+ Ke5 30. Re8+ Kf6 31. Ra8 b6 32. Ra7 Ke5 33. c5 f4+ 34. Kh3 bxc5 35. Rxa5 Rd5 36. Ra8 Rd2 37. g3 Rf2 38. Ra4 fxg3 39. Kxg3 Rc2 40. h3 Rd2 41. Ra5 Kd6 42. f4 Rc2 43. Ra4 Ke6 44. Kg4 Rg2+ 45. Kh5 Kf5 46. h4 Rh2 47. Ra5 Kxf4 48. Ra4+ Ke5 49. Kh6 c4 50. Rxc4 Rxa2 51. Rxc7 Ra6+ 52. Kxh7 Rb6 53. Rc5+ Kf6 54. Rc3 Rb4 55. Rf3+ Ke7 56. h5 Rg4 57. Rf2 Rb4 58. Rf3 Rg4 59. Rc3 Rb4 60. Kg6 Rb6+ 61. Kg7 Rb4 62. Re3+ Kd8 63. h6 Rb7+ 64. Kf6 Rb6+ 65. Re6 Rxb3 66. h7 Rh3 67. Kg7 Kd7 68. Rg6 1-0

[Event "Aragon-chT Honor GrB"]
[Site "Aragon"]
[Date "2016.02.27"]
[Round "5.18"]
[White "Gutierrez Mingueza, Ruben"]
[Black "Ramon Perez, Jose Luis"]
[Result "0-1"]
[WhiteElo "2075"]
[BlackElo "2238"]
[PlyCount "126"]
[EventDate "2016.01.30"]
[EventType "team-tourn"]
[EventRounds "7"]
[EventCountry "ESP"]
[SourceTitle "EXT 2018"]
[Source "ChessBase"]
[SourceDate "2017.10.13"]
[SourceVersion "1"]
[SourceVersionDate "2017.10.13"]
[SourceQuality "1"]
[WhiteTeam "San Jose"]
[BlackTeam "Agrupacion"]
[WhiteTeamCountry "ESP"]
[BlackTeamCountry "ESP"]

1. d4 e6 2. c4 f5 3. g3 Nf6 4. Bg2 d5 5. Nf3 c6 6. 0-0 Bd6 7. Nc3 0-0 8. Qc2 Ne4 9. Rb1 a5 10. a3 Qe7 11. b4 axb4 12. axb4 Nd7 13. c5 Bb8 14. Bf4 e5 15. Bxe5 Nxe5 16. dxe5 Bxe5 17. Na4 f4 18. Nb6 Rb8 19. Nxc8 Rbxc8 20. Nxe5 Qxe5 21. Rb3 Rce8 22. b5 Qf5 23. Bxe4 dxe4 24. gxf4 Qxf4 25. Rg3 Re5 26. bxc6 bxc6 27. e3 Qh4 28. Qc4+ Kh8 29. f4 Rh5 30. Rf2 Rd8 31. Qc2 Qe7 32. f5 Qe5 33. Rd2 Rf8 34. Qb2 Qxb2 35. Rxb2 Rhxf5 36. Rb7 g6 37. Re7 Rxc5 38. Rxe4 Kg7 39. Re6 Rc1+ 40. Kg2 Rc2+ 41. Kh3 Rff2 42. e4 Kf7 43. Rd6 Ke7 44. Rd4 Rxh2+ 45. Kg4 Rhg2 46. Rxg2 Rxg2+ 47. Kf4 Ke6 48. Rc4 Kd6 49. Rd4+ Ke7 50. Rc4 Rf2+ 51. Ke5 Rf6 52. Ra4 Re6+ 53. Kf4 Kf6 54. Ra7 h5 55. Ra5 g5+ 56. Ke3 Re5 57. Ra6 Rc5 58. Kd4 Rc1 59. Ra5 h4 60. Rf5+ Kg6 61. Rf2 h3 62. Ke5 g4 63. Rf8 h2 0-1

[Event "Aragon-chT Honor GrB"]
[Site "Aragon"]
[Date "2016.01.30"]
[Round "1.26"]
[White "Gines Esteo, Pedro Antonio"]
[Black "Ramon Perez, Jose Luis"]
[Result "0-1"]
[WhiteElo "2192"]
[BlackElo "2238"]
[PlyCount "66"]
[EventDate "2016.01.30"]
[EventType "team-tourn"]
[EventRounds "7"]
[EventCountry "ESP"]
[SourceTitle "EXT 2018"]
[Source "ChessBase"]
[SourceDate "2017.10.13"]
[SourceVersion "1"]
[SourceVersionDate "2017.10.13"]
[SourceQuality "1"]
[WhiteTeam "IberCaja"]
[BlackTeam "Agrupacion"]
[WhiteTeamCountry "ESP"]
[BlackTeamCountry "ESP"]

1. d4 e6 2. Nf3 f5 3. e3 Nf6 4. Bd3 b6 5. 0-0 Bb7 6. c4 Ne4 7. Nc3 Bb4 8. Qb3 Bxc3 9. bxc3 0-0 10. Ba3 Rf6 11. d5 Rh6 12. Rad1 c5 13. Rfe1 d6 14. g3 Nd7 15. Bf1 Ndf6 16. Bg2 Qe8 17. Qc2 Qh5 18. h3 Re8 19. Nd2 Ng5 20. h4 Nge4 21. Nxe4 fxe4 22. Bxe4 exd5 23. Bg2 Qf7 24. cxd5 Bxd5 25. e4 Qg6 26. Qa4 Bxe4 27. Bxe4 Rxe4 28. Qb3+ c4 29. Qb5 Rexh4 30. Kf1 Rh1+ 31. Ke2 Rxe1+ 32. Kxe1 Rh1+ 33. Ke2 Qe4+ 0-1

[Event "Aragon-chT Honor GrA"]
[Site "Aragon"]
[Date "2015.02.14"]
[Round "4.14"]
[White "Ramon Perez, Jose Luis"]
[Black "Roche Simon, Manuel Angel"]
[Result "0-1"]
[WhiteElo "2237"]
[BlackElo "2144"]
[PlyCount "106"]
[EventDate "2015.01.24"]
[EventType "team-tourn"]
[EventRounds "7"]
[EventCountry "ESP"]
[SourceTitle "EXT 2017"]
[Source "ChessBase"]
[SourceDate "2016.10.25"]
[SourceVersion "1"]
[SourceVersionDate "2016.10.25"]
[SourceQuality "1"]
[WhiteTeam "Agrupacion"]
[BlackTeam "Delicias"]
[WhiteTeamCountry "ESP"]
[BlackTeamCountry "ESP"]

1. e4 c5 2. Nc3 e6 3. f4 d5 4. Nf3 dxe4 5. Bb5+ Bd7 6. Bxd7+ Qxd7 7. Ne5 Qc7 8. Nxe4 Nc6 9. 0-0 Nf6 10. Nxf6+ gxf6 11. Nxc6 Qxc6 12. f5 e5 13. d3 h5 14. Qf3 Qxf3 15. Rxf3 Bh6 16. Bxh6 Rxh6 17. Re1 Ke7 18. Re4 h4 19. Rh3 Rh5 20. Rexh4 Rxf5 21. Rh8 Rxh8 22. Rxh8 Rf4 23. a3 c4 24. Rb8 b6 25. Rb7+ Ke6 26. Rxa7 cxd3 27. cxd3 Rd4 28. Ra6 Rxd3 29. Rxb6+ Kf5 30. Rb4 e4 31. Kf2 Ke5 32. Ke2 f5 33. Rc4 f4 34. Rc3 Rd8 35. Rc1 Rh8 36. Rh1 Rc8 37. Rb1 Rc2+ 38. Kf1 e3 39. a4 f3 40. gxf3 Kf4 41. a5 Kxf3 42. a6 Rxh2 43. Kg1 Rg2+ 44. Kh1 Kf2 45. b4 Rg8 46. Rb2+ e2 47. Rxe2+ Kxe2 48. Kh2 Kf2 49. Kh3 Kf3 50. Kh2 Rg2+ 51. Kh3 Ra2 52. b5 Ra5 53. a7 Rxa7 0-1

[Event "Aragon-chT Honor Titulo"]
[Site "Aragon"]
[Date "2013.03.23"]
[Round "9.1"]
[White "Ramon Perez, Jose Luis"]
[Black "Garza Marco, Sergio"]
[Result "0-1"]
[WhiteElo "2236"]
[BlackElo "2438"]
[PlyCount "58"]
[EventDate "2013.01.26"]
[EventType "team"]
[EventRounds "11"]
[EventCountry "ESP"]
[SourceTitle "EXT 2014"]
[Source "ChessBase"]
[SourceDate "2013.11.20"]
[SourceVersion "1"]
[SourceVersionDate "2013.11.20"]
[SourceQuality "1"]
[WhiteTeam "Agrupacion"]
[BlackTeam "Jaime Casas"]
[WhiteTeamCountry "ESP"]
[BlackTeamCountry "ESP"]

1. e4 d6 2. Nc3 g6 3. f4 Bg7 4. Nf3 Nf6 5. Bc4 c6 6. d3 0-0 7. 0-0 d5 8. Bb3 Na6 9. Qe2 Nc5 10. h3 b6 11. Ne5 Bb7 12. Ng4 Nxg4 13. hxg4 a5 14. a3 dxe4 15. Nxe4 Nxb3 16. cxb3 Ba6 17. Rf3 Qd4+ 18. Nf2 e6 19. Be3 Qxb2 20. Qxb2 Bxb2 21. Ra2 Bg7 22. Bxb6 Rfb8 23. Bxa5 Rxb3 24. Bb4 Bd4 25. Kh2 c5 26. Be1 Bb7 27. a4 Bxf3 28. gxf3 Rb1 29. Re2 Rxe1 0-1

[Event "Aragon-chT Honor GrA"]
[Site "Aragon"]
[Date "2013.02.16"]
[Round "4.5"]
[White "Ramon Perez, Jose Luis"]
[Black "Del Rey, Diego"]
[Result "1-0"]
[WhiteElo "2236"]
[BlackElo "2383"]
[PlyCount "102"]
[EventDate "2013.01.26"]
[EventType "team"]
[EventRounds "7"]
[EventCountry "ESP"]
[SourceTitle "EXT 2014"]
[Source "ChessBase"]
[SourceDate "2013.11.20"]
[SourceVersion "1"]
[SourceVersionDate "2013.11.20"]
[SourceQuality "1"]
[WhiteTeam "Agrupacion"]
[BlackTeam "El Olivar"]
[WhiteTeamCountry "ESP"]
[BlackTeamCountry "ESP"]

1. e4 c6 2. c4 d5 3. cxd5 cxd5 4. exd5 Nf6 5. Nc3 Nxd5 6. Nf3 Nc6 7. Bb5 Nxc3 8. bxc3 g6 9. Qa4 Bd7 10. 0-0 Bg7 11. Qh4 e6 12. Qg3 Qa5 13. a4 a6 14. Bxc6 Bxc6 15. Ba3 0-0-0 16. d4 Rd5 17. Rfe1 Rhd8 18. Rab1 Qc7 19. Ne5 Bxe5 20. dxe5 Rd3 21. Re3 Qb6 22. Rf1 Rd1 23. Ree1 R1d3 24. Qf4 R8d7 25. Bd6 Qb3 26. Re3 Rd1 27. Ree1 Rd3 28. Re3 Rd1 29. Ree1 Qd5 30. f3 Rd2 31. Rf2 Rxf2 32. Kxf2 Qa2+ 33. Re2 Qxa4 34. Qe3 Qh4+ 35. Kg1 Qc4 36. Rd2 Bb5 37. h3 Kd8 38. Qh6 Kc8 39. Qf8+ Rd8 40. Qxf7 Bd7 41. Bb4 Qc7 42. Qf4 a5 43. Be7 Re8 44. Bd6 Qb6+ 45. Kh2 Qc6 46. Rd4 b5 47. Qd2 Qb7 48. Qa2 Qb6 49. Qa3 b4 50. Rc4+ Bc6 51. cxb4 Kd7 1-0

[Event "Balaguer op 17th"]
[Site "Balaguer"]
[Date "2012.06.16"]
[Round "1"]
[White "Sole Pijuan, Ferran"]
[Black "Ramon Perez, Jose Luis"]
[Result "0-1"]
[WhiteElo "1539"]
[BlackElo "2249"]
[PlyCount "48"]
[EventDate "2012.06.16"]
[EventType "swiss"]
[EventRounds "9"]
[EventCountry "ESP"]
[SourceTitle "EXT 2013"]
[Source "ChessBase"]
[SourceDate "2012.11.22"]
[SourceVersion "1"]
[SourceVersionDate "2012.11.22"]
[SourceQuality "1"]

1. d4 d5 2. c4 e6 3. Nc3 c5 4. e3 Nf6 5. Nf3 Nc6 6. cxd5 exd5 7. Be2 Bd6 8. 0-0 0-0 9. Qc2 Qe7 10. Nb5 Nb4 11. Qd1 Bf5 12. Bd2 c4 13. Nxd6 Qxd6 14. a3 Nc6 15. b4 b5 16. Bc3 Ne4 17. Rc1 a5 18. bxa5 Qxa3 19. Be1 Qd6 20. Rb1 b4 21. Qc2 Ng3 22. Bxb4 Nxb4 23. Qb2 Nxe2+ 24. Qxe2 Bxb1 0-1